| 000 | 00828cab a22001815a 4500 | ||
|---|---|---|---|
| 001 | L144793 | ||
| 008 | 080811e20080723xxkd f s 000 0 eng d | ||
| 035 | _a(Sirsi) u144793 | ||
| 041 | 0 | _aeng | |
| 100 | 1 | _aStagg, James | |
| 245 | 0 | 0 |
_aCJ50 _bCostain taps into water |
| 260 | _c2008 | ||
| 490 |
_aContract Journal _v443(6685) 23 July 2008, 12-13(2) |
||
| 520 | _aMonthly league table of new work winners, divided geographically and by sector. New work hit the highest total since June 2007, largely due to a £900m infrastructure renewal extension offered to Costain. Laing O'Rourke moved from 12th to second place after winning three contracts worth £670m, the bulk of which was from the commercial sector. | ||
| 651 | 4 |
_aUnited Kingdom _y |
|
| 690 | _aPROPERTY-COMMERCIAL PROPERTY-COMMERCIAL PROPERTY MARKET | ||
| 942 | _n0 | ||
| 999 |
_c80590 _d80590 |
||